Normal view MARC view
  • Dr. Rehan Zafar Paracha

Entry Personal Name

Number of records used in: 5

001 - CONTROL NUMBER

  • control field: 20897

003 - CONTROL NUMBER IDENTIFIER

  • control field: NUST

005 - DATE AND TIME OF LATEST TRANSACTION

  • control field: 20190918125528.0

008 - FIXED-LENGTH DATA ELEMENTS

  • fixed length control field: 190918|| aca||aabn | a|a d

040 ## - CATALOGING SOURCE

  • Original cataloging agency: NUST
  • Transcribing agency: NUST

100 ## - HEADING--PERSONAL NAME

  • Personal name: Dr. Rehan Zafar Paracha

670 ## - SOURCE DATA FOUND

  • Source citation: Work cat.: (NUST): Malik, Sumaira 20896, In-Silico Identification and Analysis of miRNAs and mRNAs in Lung Adenocarcinoma /, 2017.
© 2023 Central Library, National University of Sciences and Technology. All Rights Reserved.